Solid state physics (Record no. 7825)

000 -LEADER
fixed length control field 00456 a2200157 4500
020 ## - INTERNATIONAL STANDARD BOOK NUMBER
International Standard Book Number 0030839939
035 ## - SYSTEM CONTROL NUMBER
System control number 441840
040 ## - CATALOGING SOURCE
Original cataloging agency DLC
Language of cataloging DLC
100 10 - MAIN ENTRY--PERSONAL NAME
Personal name Ashcroft, Neil W.
245 10 - TITLE STATEMENT
Title Solid state physics
Statement of responsibility, etc. Neil W. Ashcroft and N. David Mermin.
260 0# - PUBLICATION, DISTRIBUTION, ETC.
Place of publication, distribution, etc. Bangalore
Name of publisher, distributor, etc. , Holt, Rinehart and Winston
Date of publication, distribution, etc. [c1976]
300 ## - PHYSICAL DESCRIPTION
Extent xxi, 826 p
Other physical details . illus
Dimensions . 25 cm.
650 #0 - SUBJECT ADDED ENTRY--TOPICAL TERM
Topical term or geographic name entry element Solid state physics.
700 10 - ADDED ENTRY--PERSONAL NAME
Personal name Mermin, N. David.
942 ## - ADDED ENTRY ELEMENTS (KOHA)
Koha item type Book
Call number prefix 530.41 ASH
Source of classification or shelving scheme
Holdings
Withdrawn status Lost status Damaged status Not for loan Collection code Permanent Location Current Location Shelving location Date acquired Source of acquisition Cost, normal purchase price Total Checkouts Full call number Barcode Date last seen Date last checked out Price effective from Koha item type Total Renewals Checked out
          Central Library (CL) Central Library (CL) General Stacks 01/27/2007 Allied Book Company 583.02 1 530.41 ASH SEECS008076 02/24/2022 09/03/2019 01/05/2017 Book    
          Central Library (CL) Central Library (CL) General Stacks 01/27/2007 Allied Book Company 583.02 2 530.41 ASH SEECS008075 05/07/2026 05/07/2026 01/05/2017 Book 5 06/06/2026
          Central Library (CL) Central Library (CL) General Stacks 01/27/2007 Allied Book Company 583.02 1 530.41 ASH SEECS008077 03/11/2020 09/16/2019 01/05/2017 Book 2  
© 2023 Central Library, National University of Sciences and Technology. All Rights Reserved.